[Event "BCF-chT4 2223 (4NCL)"]
[Site "England"]
[Date "2023.04.29"]
[Round "9.24"]
[White "Ashworth, Robert M"]
[Black "Garcia Ruiz, Fuentes Aitor"]
[Result "1/2-1/2"]
[WhiteElo "1907"]
[BlackElo "2060"]
[PlyCount "33"]
[EventDate "2022.11.05"]
[EventType "team-swiss"]
[EventRounds "11"]
[EventCountry "ENG"]
[SourceTitle "EXT 2024"]
[Source "ChessBase"]
[SourceDate "2023.10.10"]
[SourceVersion "1"]
[SourceVersionDate "2023.10.10"]
[SourceQuality "1"]
[WhiteTeam "Wotton Hall"]
[BlackTeam "Average Wood Pushers"]
[WhiteTeamCountry "ENG"]
[BlackTeamCountry "ENG"]

1. e4 c5 2. Nf3 Nc6 3. Bb5 g6 4. 0-0 Bg7 5. c3 e5 6. d3 d6 7. Be3 Bg4 8. h3 Bxf3 9. Qxf3 Nge7 10. Nd2 0-0 11. Rfe1 f5 12. exf5 gxf5 13. Bg5 Rc8 14. Nf1 Kh8 15. Ng3 Bf6 16. Bh6 Bg7 17. Bg5 1/2-1/2

[Event "English Online Blitz Gp2"]
[Site "Chess.com INT"]
[Date "2020.05.09"]
[Round "1"]
[White "Rudd, Jack"]
[Black "Ashworth, Robert M"]
[Result "1-0"]
[WhiteElo "2331"]
[BlackElo "1577"]
[PlyCount "73"]
[EventDate "2020.05.09"]
[EventType "swiss (blitz)"]
[EventRounds "11"]
[EventCountry "ENG"]
[SourceTitle "CBM 196 Extra"]
[Source "ChessBase"]
[SourceDate "2020.07.31"]
[SourceVersion "1"]
[SourceVersionDate "2020.07.31"]
[SourceQuality "1"]

1. d4 d5 2. c4 c6 3. Nf3 Nf6 4. Nc3 e6 5. Bg5 Nbd7 6. cxd5 exd5 7. e3 Be7 8. Qc2 h6 9. Bh4 0-0 10. Bd3 Re8 11. 0-0 Ne4 12. Bxe7 Qxe7 13. Rab1 Ndf6 14. b4 Nxc3 15. Qxc3 Ne4 16. Qc2 f5 17. Ne5 Qf6 18. b5 c5 19. Bxe4 fxe4 20. Qxc5 Be6 21. f3 Rac8 22. Qxa7 Ra8 23. Qxb7 Rxa2 24. Qc6 Qg5 25. Qxe8+ Kh7 26. Qg6+ Qxg6 27. Nxg6 Kxg6 28. b6 Ra8 29. b7 Rb8 30. fxe4 dxe4 31. Rb6 Kh7 32. Rxe6 Rxb7 33. Rxe4 Rb2 34. d5 Rd2 35. Rd4 Re2 36. d6 Rxe3 37. d7 1-0

[Event "BCF-ch Weekend Under 1825 105th"]
[Site "Hull"]
[Date "2018.07.28"]
[Round "2.5"]
[White "Ashworth, Robert M"]
[Black "Durrant, Paul EO"]
[Result "1-0"]
[WhiteElo "1714"]
[BlackElo "1548"]
[PlyCount "65"]
[EventDate "2018.07.27"]
[EventType "swiss"]
[EventRounds "5"]
[EventCountry "ENG"]
[SourceTitle "EXT 2021"]
[Source "ChessBase"]
[SourceDate "2020.10.23"]
[SourceVersion "1"]
[SourceVersionDate "2020.10.23"]
[SourceQuality "1"]

1. e4 c5 2. Nf3 Nc6 3. Bb5 Nf6 4. d3 Nd4 5. Nxd4 cxd4 6. 0-0 a6 7. Bc4 b5 8. Bb3 Bb7 9. e5 Nd5 10. Qf3 e6 11. c4 dxc3 12. Nxc3 Nxc3 13. Qxb7 Ne2+ 14. Kh1 Nxc1 15. Raxc1 Be7 16. Rc2 Qb8 17. Qe4 0-0 18. Rfc1 f5 19. Qe3 Bd8 20. d4 Bb6 21. Qd3 Kh8 22. f4 Qa7 23. d5 Be3 24. Rf1 exd5 25. Bxd5 Rad8 26. Rf3 Bb6 27. Rh3 h6 28. Qg3 Rc8 29. Qg6 d6 30. Bf7 Qxf7 31. Qxf7 Rxc2 32. Qxf8+ Kh7 33. Qxf5+ 1-0

[Event "BCF-ch U16"]
[Site "Llandudno"]
[Date "2017.08.05"]
[Round "7"]
[White "Ashworth, Robert M"]
[Black "Samworth Calvier, Juju"]
[Result "0-1"]
[WhiteElo "1718"]
[BlackElo "1594"]
[PlyCount "66"]
[EventDate "2017.07.30"]
[EventType "swiss"]
[EventRounds "7"]
[EventCountry "WLS"]
[SourceTitle "CBM 179 Extra"]
[Source "ChessBase"]
[SourceDate "2017.08.23"]
[SourceVersion "1"]
[SourceVersionDate "2017.08.23"]
[SourceQuality "1"]

1. e4 d6 2. d4 Nf6 3. Nc3 c6 4. Be3 Qa5 5. f3 e5 6. Bd3 Nbd7 7. Nge2 b5 8. a3 a6 9. b4 Qc7 10. a4 c5 11. dxc5 dxc5 12. bxc5 b4 13. Nd5 Nxd5 14. exd5 Bxc5 15. Bxc5 Qxc5 16. Be4 0-0 17. Qd2 f5 18. Bd3 Nb6 19. c4 e4 20. fxe4 fxe4 21. Bxe4 Qf2+ 22. Kd1 Nxc4 23. Qa2 Bg4 24. Qxc4 Bxe2+ 25. Qxe2 Qd4+ 26. Kc2 Rac8+ 27. Kb1 Rf2 28. Rd1 Rc1+ 29. Rxc1 Rxe2 30. Rc8+ Kf7 31. Rc7+ Kf6 32. Rc6+ Kg5 33. Bc2 Re1+ 0-1

[Event "BCF-ch U16"]
[Site "Llandudno"]
[Date "2017.08.04"]
[Round "6"]
[White "Jain, Gautam"]
[Black "Ashworth, Robert M"]
[Result "1-0"]
[WhiteElo "1812"]
[BlackElo "1718"]
[PlyCount "99"]
[EventDate "2017.07.30"]
[EventType "swiss"]
[EventRounds "7"]
[EventCountry "WLS"]
[SourceTitle "CBM 179 Extra"]
[Source "ChessBase"]
[SourceDate "2017.08.23"]
[SourceVersion "1"]
[SourceVersionDate "2017.08.23"]
[SourceQuality "1"]

1. e4 e5 2. Nf3 Nc6 3. Bb5 a6 4. Ba4 Nf6 5. Qe2 b5 6. Bb3 Be7 7. a4 Rb8 8. axb5 axb5 9. Nc3 b4 10. Nd5 0-0 11. Nxe7+ Qxe7 12. 0-0 Bb7 13. d3 h6 14. Be3 Ra8 15. Nh4 Ne8 16. Ng6 Qf6 17. Qh5 Na5 18. Nxf8 Kxf8 19. Bc5+ Kg8 20. Bxb4 Nxb3 21. cxb3 Rb8 22. Bc3 d6 23. f4 Qe6 24. fxe5 Qxb3 25. exd6 Nxd6 26. Qg4 g6 27. Qf4 Kh7 28. Qf6 Rg8 29. Kh1 Bc8 30. Ra8 Qe6 31. Qxe6 Bxe6 32. Rfa1 g5 33. Rxg8 Kxg8 34. Ra8+ Kh7 35. Rh8+ Kg6 36. Rg8+ Kh5 37. h3 g4 38. hxg4+ Bxg4 39. Be5 Nb5 40. Kh2 Be2 41. Kh3 Bf1 42. Rg7 Nd6 43. Bxd6 cxd6 44. d4 f6 45. Kg3 Bd3 46. Kf4 Bc4 47. g4+ Kh4 48. Rh7 Kh3 49. Rxh6+ Kg2 50. Rxf6 1-0

[Event "GBR-ch U1750 op 104th"]
[Site "Llandudno"]
[Date "2017.08.03"]
[Round "4"]
[White "Karia, Kamlesh"]
[Black "Ashworth, Robert M"]
[Result "0-1"]
[WhiteElo "1614"]
[BlackElo "1718"]
[PlyCount "144"]
[EventDate "2017.07.31"]
[EventType "swiss"]
[EventRounds "5"]
[EventCountry "WLS"]
[SourceTitle "EXT 2019"]
[Source "ChessBase"]
[SourceDate "2018.10.10"]
[SourceVersion "1"]
[SourceVersionDate "2018.10.10"]
[SourceQuality "1"]

1. Nf3 Nf6 2. g3 g6 3. Bg2 Bg7 4. d4 d6 5. 0-0 0-0 6. Nc3 Nbd7 7. e4 e5 8. Re1 a6 9. a4 exd4 10. Nxd4 Nc5 11. f3 Re8 12. Bg5 h6 13. Be3 Ne6 14. Qd2 Kh7 15. Rad1 Nxd4 16. Bxd4 Be6 17. Ne2 Qd7 18. Nf4 Qxa4 19. Qc3 Nh5 20. Nxh5 gxh5 21. Bxg7 Rg8 22. Bf6 Rg6 23. f4 Rgg8 24. f5 Bd7 25. Qxc7 Rac8 26. Qxd6 Bb5 27. b3 Qa2 28. Qe7 Rgf8 29. Rc1 Qa5 30. c4 Bc6 31. e5 Qb6+ 32. c5 Qxb3 33. Bxc6 bxc6 34. e6 Rce8 35. Qd6 Qb4 36. Bc3 Qg4 37. e7 Rg8 38. Qf6 Qc4 39. Bd4 Qd5 40. Rcd1 h4 41. Re5 Qb3 42. Ree1 hxg3 43. Qh4 Qf3 44. hxg3 Rxg3+ 45. Qxg3 Qxg3+ 46. Kf1 Rg8 47. Re2 Qf3+ 48. Ke1 Re8 49. Kd2 Qxf5 50. Rf2 Qd5 51. Kc3 Rxe7 52. Rg1 f5 53. Rfg2 h5 54. Rg7+ Rxg7 55. Rxg7+ Kh6 56. Rg3 f4 57. Rh3 f3 58. Rg3 f2 59. Bxf2 Qa2 60. Be3+ Kh7 61. Rh3 Qd5 62. Rh4 a5 63. Rd4 Qxc5+ 64. Kd3 Qf5+ 65. Ke2 a4 66. Rf4 Qc2+ 67. Kf3 a3 68. Rf7+ Kg6 69. Ra7 a2 70. Bd4 Qd3+ 71. Be3 Qd1+ 72. Kf4 a1Q 0-1

[Event "BCF-ch U16"]
[Site "Llandudno"]
[Date "2017.08.03"]
[Round "5"]
[White "Modi, Kishan Jagdish"]
[Black "Ashworth, Robert M"]
[Result "1-0"]
[WhiteElo "1725"]
[BlackElo "1718"]
[PlyCount "69"]
[EventDate "2017.07.30"]
[EventType "swiss"]
[EventRounds "7"]
[EventCountry "WLS"]
[SourceTitle "CBM 179 Extra"]
[Source "ChessBase"]
[SourceDate "2017.08.23"]
[SourceVersion "1"]
[SourceVersionDate "2017.08.23"]
[SourceQuality "1"]

1. e4 e5 2. Nf3 Nc6 3. d4 exd4 4. Bc4 Bc5 5. c3 Nf6 6. e5 d5 7. Bb5 Ne4 8. cxd4 Bb6 9. Bxc6+ bxc6 10. a4 a5 11. 0-0 0-0 12. h3 Bf5 13. Nc3 Qd7 14. Be3 Rfd8 15. Nd2 f6 16. f4 c5 17. Ndxe4 cxd4 18. Bxd4 Bxe4 19. Bxb6 cxb6 20. Qd4 Rab8 21. exf6 gxf6 22. Qxf6 Re8 23. Rad1 Re6 24. Qd4 Rg6 25. Qxe4 Qxh3 26. Qxd5+ Kf8 27. Qf3 Rg3 28. Qc6 Rg6 29. Qf3 Rg3 30. Qd5 Rc8 31. Rd2 Rc5 32. Qd8+ Kg7 33. Qd7+ Qxd7 34. Rxd7+ Kg8 35. Ne4 1-0

[Event "GBR-ch U1750 op 104th"]
[Site "Llandudno"]
[Date "2017.08.02"]
[Round "3"]
[White "Ashworth, Robert M"]
[Black "McLaren, Thomas"]
[Result "1/2-1/2"]
[WhiteElo "1718"]
[BlackElo "1562"]
[PlyCount "55"]
[EventDate "2017.07.31"]
[EventType "swiss"]
[EventRounds "5"]
[EventCountry "WLS"]
[SourceTitle "EXT 2019"]
[Source "ChessBase"]
[SourceDate "2018.10.10"]
[SourceVersion "1"]
[SourceVersionDate "2018.10.10"]
[SourceQuality "1"]

1. e4 e6 2. d4 d5 3. exd5 exd5 4. Bd3 Bd6 5. Nf3 Ne7 6. h3 Nd7 7. 0-0 c5 8. c4 dxc4 9. Bxc4 0-0 10. Nc3 a6 11. Ne4 Qc7 12. Nxd6 Qxd6 13. a4 Rb8 14. Bb3 Ng6 15. Re1 b5 16. axb5 axb5 17. dxc5 Qxd1 18. Rxd1 Nxc5 19. Bc2 b4 20. Be3 Ne6 21. Be4 Bb7 22. Bxg6 hxg6 23. Ne5 Rfd8 24. Nd7 Ra8 25. Nc5 Rxa1 26. Rxa1 Nxc5 27. Bxc5 Rd2 28. Bxb4 1/2-1/2

[Event "BCF-ch U16"]
[Site "Llandudno"]
[Date "2017.07.31"]
[Round "2"]
[White "Ashworth, Robert M"]
[Black "Ercsei, Estera Alexandra"]
[Result "1-0"]
[WhiteElo "1718"]
[BlackElo "1281"]
[PlyCount "83"]
[EventDate "2017.07.30"]
[EventType "swiss"]
[EventRounds "7"]
[EventCountry "WLS"]
[SourceTitle "CBM 179 Extra"]
[Source "ChessBase"]
[SourceDate "2017.08.23"]
[SourceVersion "1"]
[SourceVersionDate "2017.08.23"]
[SourceQuality "1"]

1. e4 Nc6 2. d4 d5 3. e5 Bf5 4. Nf3 e6 5. Bd3 Bxd3 6. Qxd3 Nge7 7. c3 Nf5 8. 0-0 Be7 9. Nbd2 0-0 10. Re1 Qd7 11. Nf1 Rae8 12. Ne3 Nxe3 13. Bxe3 f6 14. Bf4 fxe5 15. Nxe5 Nxe5 16. Bxe5 Bh4 17. Re2 Be7 18. Rae1 Bd6 19. Qh3 Bxe5 20. Rxe5 Rf5 21. g4 Rxe5 22. Rxe5 Qf7 23. Qe3 Qg6 24. h3 Kf7 25. Qf3+ Kg8 26. Qe2 Kf7 27. Qb5 Qb1+ 28. Kg2 b6 29. f4 Qxa2 30. f5 Re7 31. fxe6+ Kf8 32. Rf5+ Kg8 33. Qb4 c5 34. dxc5 Rxe6 35. cxb6 Re2+ 36. Kf3 Re8 37. b7 Qb1 38. b8Q Qd3+ 39. Kg2 Qe2+ 40. Rf2 Qxf2+ 41. Kxf2 Rxb8 42. Qxb8+ 1-0

[Event "BCF-ch 103rd U180/2050"]
[Site "Bournemouth"]
[Date "2016.07.25"]
[Round "1"]
[White "Ashworth, Robert M"]
[Black "Price, Gwilym"]
[Result "0-1"]
[WhiteElo "1560"]
[BlackElo "1761"]
[PlyCount "108"]
[EventDate "2016.07.25"]
[EventType "swiss"]
[EventRounds "5"]
[EventCountry "ENG"]
[SourceTitle "EXT 2019"]
[Source "ChessBase"]
[SourceDate "2018.10.10"]
[SourceVersion "1"]
[SourceVersionDate "2018.10.10"]
[SourceQuality "1"]

1. e4 c5 2. c3 Nf6 3. e5 Nd5 4. d4 cxd4 5. cxd4 e6 6. Nf3 d6 7. Nc3 Nxc3 8. bxc3 Qc7 9. Bd2 Nc6 10. exd6 Bxd6 11. Bd3 e5 12. dxe5 Nxe5 13. Nxe5 Bxe5 14. Bb5+ Bd7 15. Bxd7+ Qxd7 16. Qe2 0-0 17. 0-0 Rfe8 18. Qd1 Rad8 19. Bg5 Qxd1 20. Raxd1 Rxd1 21. Rxd1 Bxc3 22. Be3 a6 23. Rd7 f5 24. g3 b5 25. Rd6 Ra8 26. Rc6 b4 27. Rc4 a5 28. Bd4 Bxd4 29. Rxd4 Rb8 30. Kf1 a4 31. Ke2 b3 32. axb3 axb3 33. Rd1 b2 34. Rb1 Kf7 35. Kd3 Ke6 36. f3 Kd5 37. f4 Rb3+ 38. Kc2 Kc4 39. Rd1 b1Q+ 40. Rxb1 Rxb1 41. Kxb1 Kd3 42. Kc1 Ke2 43. Kc2 Kf3 44. Kd3 Kg2 45. Ke2 Kxh2 46. Kf2 Kh3 47. Kf3 h5 48. Kf2 Kg4 49. Kg2 h4 50. gxh4 Kxh4 51. Kf3 Kh3 52. Kf2 Kg4 53. Ke3 Kg3 54. Ke2 Kxf4 0-1

[Event "Glorney Cup"]
[Site "Daventry"]
[Date "2016.07.17"]
[Round "1.15"]
[White "Ashworth, Robert M"]
[Black "Jain, Gautam"]
[Result "1/2-1/2"]
[WhiteElo "1560"]
[BlackElo "1838"]
[PlyCount "139"]
[EventDate "2016.07.17"]
[EventType "team-tourn"]
[EventRounds "5"]
[EventCountry "ENG"]
[SourceTitle "CBM 173 Extra"]
[Source "ChessBase"]
[SourceDate "2016.08.29"]
[SourceVersion "1"]
[SourceVersionDate "2016.08.29"]
[SourceQuality "1"]
[WhiteTeam "England II"]
[BlackTeam "England"]
[WhiteTeamCountry "ENG"]
[BlackTeamCountry "ENG"]

1. e4 e5 2. Nf3 Nc6 3. Bc4 Be7 4. 0-0 Nf6 5. d3 0-0 6. c3 d6 7. Bb3 Bg4 8. Nbd2 Nd7 9. Re1 Nc5 10. Bc2 d5 11. exd5 Qxd5 12. Ne4 Rad8 13. c4 Qd7 14. Nxc5 Bxc5 15. Be3 Bd4 16. Rb1 Qf5 17. a3 Qg6 18. Qe2 Rd6 19. Nh4 Qh5 20. f3 Bd7 21. g3 g5 22. Ng2 g4 23. Nh4 Rf6 24. Bd1 gxf3 25. Nxf3 Bg4 26. Rf1 e4 27. Nxd4 Bxe2 28. Bxe2 Rxf1+ 29. Rxf1 Qe5 30. Rf5 exd3 31. Rxe5 Nxe5 32. Bf1 Rd8 33. Kf2 Nxc4 34. Bxd3 Nxb2 35. Be2 b6 36. Nb5 Nd1+ 37. Bxd1 Rxd1 38. Nxc7 Rb1 39. Bd2 Rh1 40. Kg2 Ra1 41. Bb4 Ra2+ 42. Kh3 Kg7 43. g4 Kf6 44. Bd6 Rd2 45. Bb4 Rd3+ 46. Kg2 a5 47. Bf8 Rd8 48. Bh6 Ke5 49. Be3 Rc8 50. Bxb6 a4 51. Ba5 Kf4 52. h3 Ke4 53. Nb5 Rc5 54. Nd6+ Kd5 55. Bb4 Kxd6 56. Bxc5+ Kxc5 57. Kf3 Kc4 58. Ke4 Kb3 59. Kd3 f6 60. h4 h6 61. Kd4 Kxa3 62. Kc3 Ka2 63. Kc2 Ka3 64. Kc3 Ka2 65. Kc2 Ka1 66. Kc1 a3 67. h5 Ka2 68. Kc2 Ka1 69. Kc1 Ka2 70. Kc2 1/2-1/2

[Event "BCF-ch U13"]
[Site "Aberystwyth"]
[Date "2014.07.26"]
[Round "7"]
[White "Miller, Dominic"]
[Black "Ashworth, Robert M"]
[Result "0-1"]
[WhiteElo "110"]
[BlackElo "139"]
[PlyCount "114"]
[EventDate "2014.07.22"]
[EventType "swiss"]
[EventRounds "7"]
[EventCountry "WLS"]
[SourceTitle "CBM 161 Extra"]
[Source "ChessBase"]
[SourceDate "2014.08.29"]
[SourceVersion "1"]
[SourceVersionDate "2014.08.29"]
[SourceQuality "1"]

1. c4 e5 2. g3 Nf6 3. Bg2 Bc5 4. Nc3 c6 5. e4 d6 6. Nge2 Be6 7. d3 d5 8. cxd5 cxd5 9. 0-0 dxe4 10. Nxe4 Nxe4 11. dxe4 Nc6 12. Bd2 Nd4 13. Bc3 Bc4 14. Bxd4 Bxd4 15. Qd2 Bxe2 16. Qxe2 0-0 17. Bh3 Qb6 18. Rac1 Rad8 19. Rc2 Rd6 20. Rfc1 Rf6 21. Rf1 Rd8 22. Kg2 Rfd6 23. Rfc1 Rc6 24. Rxc6 bxc6 25. Rc2 Rd6 26. b3 Rf6 27. Qe1 h6 28. Bg4 g6 29. Bh3 Qb5 30. Qf1 Qb6 31. Qe1 c5 32. Qf1 a5 33. Qc4 Qc6 34. Qd3 Qb6 35. Qc4 Qb4 36. Qxb4 axb4 37. f3 Rd6 38. Kf1 Bc3 39. Ke2 Rd4 40. Bc8 Rd8 41. Bb7 Bd4 42. g4 Kg7 43. h3 Kf6 44. h4 h5 45. gxh5 gxh5 46. Bd5 Rg8 47. Bb7 Rg3 48. Bc8 Rg2+ 49. Kd3 Rg3 50. Ke2 Rg1 51. Kd3 Rh1 52. Rg2 Rxh4 53. Ke2 Rh1 54. Bf5 h4 55. Rg8 h3 56. f4 h2 57. Rh8 Ra1 0-1